[Event "Maastricht Limburg op-B 7th"]
[Site "Maastricht"]
[Date "2013.05.19"]
[Round "4"]
[White "Brixius, Dirk"]
[Black "Schubert, Karl"]
[Result "0-1"]
[WhiteElo "1903"]
[BlackElo "1929"]
[PlyCount "68"]
[EventDate "2013.05.17"]
[EventType "swiss"]
[EventRounds "7"]
[EventCountry "NED"]
[SourceTitle "EXT 2014"]
[Source "ChessBase"]
[SourceDate "2013.11.20"]
[SourceVersion "1"]
[SourceVersionDate "2013.11.20"]
[SourceQuality "1"]

1. c4 d6 2. g3 f5 3. Bg2 Nf6 4. Nc3 g6 5. d3 Bg7 6. e4 c6 7. Nf3 0-0 8. 0-0 fxe4 9. dxe4 Be6 10. Qe2 Ng4 11. Rd1 Ne5 12. Nxe5 Bxe5 13. c5 Qa5 14. cxd6 exd6 15. Bg5 Bxc3 16. bxc3 Qxg5 17. Rxd6 Qe5 18. Rad1 Na6 19. f4 Qc5+ 20. Kh1 Rae8 21. e5 Nc7 22. Be4 Nb5 23. Rxe6 Rxe6 24. Qg4 Re7 25. Bxg6 hxg6 26. Qxg6+ Rg7 27. Qe6+ Kh8 28. f5 Qe7 29. Qh6+ Rh7 30. f6 Rxh6 31. fxe7 Re8 32. Rd8 Nc7 33. Rd7 Re6 34. Rxc7 R6xe7 0-1

[Event "Maastricht Limburg op-B 7th"]
[Site "Maastricht"]
[Date "2013.05.19"]
[Round "5"]
[White "Schubert, Karl"]
[Black "Porteman, Eric"]
[Result "0-1"]
[WhiteElo "1929"]
[BlackElo "1912"]
[PlyCount "66"]
[EventDate "2013.05.17"]
[EventType "swiss"]
[EventRounds "7"]
[EventCountry "NED"]
[SourceTitle "EXT 2014"]
[Source "ChessBase"]
[SourceDate "2013.11.20"]
[SourceVersion "1"]
[SourceVersionDate "2013.11.20"]
[SourceQuality "1"]

1. d4 Nf6 2. Nf3 e6 3. g3 c5 4. Bg2 Nc6 5. 0-0 d5 6. b3 cxd4 7. Nxd4 Bc5 8. Nxc6 bxc6 9. Bb2 0-0 10. c4 Bb7 11. Nd2 Re8 12. a3 a5 13. Qc2 Rc8 14. e4 e5 15. Bh3 Rc7 16. Bc3 Rce7 17. b4 Ba7 18. exd5 cxd5 19. c5 d4 20. Bb2 Qd5 21. f3 e4 22. fxe4 Qh5 23. Bf5 Nxe4 24. g4 Qg5 25. Nc4 g6 26. Nxa5 Qe3+ 27. Rf2 Nxf2 28. Nxb7 Nh3+ 29. Kg2 Nf4+ 30. Kf1 Qh3+ 31. Kg1 Re1+ 32. Rxe1 Rxe1+ 33. Kf2 Rf1# 0-1

[Event "Maastricht Limburg op-B 6th"]
[Site "Maastricht"]
[Date "2012.05.28"]
[Round "6"]
[White "Uckerman, John"]
[Black "Schubert, Karl"]
[Result "0-1"]
[WhiteElo "1762"]
[BlackElo "1879"]
[PlyCount "74"]
[EventDate "2012.05.25"]
[EventType "swiss"]
[EventRounds "7"]
[EventCountry "NED"]
[SourceTitle "EXT 2013"]
[Source "ChessBase"]
[SourceDate "2012.11.22"]
[SourceVersion "1"]
[SourceVersionDate "2012.11.22"]
[SourceQuality "1"]

1. e4 d6 2. d4 Nf6 3. Nc3 g6 4. f4 Bg7 5. a3 Bg4 6. Nf3 0-0 7. Be2 Nc6 8. Be3 Bxf3 9. Bxf3 e5 10. fxe5 dxe5 11. d5 Nd4 12. 0-0 c5 13. Qd2 Ne8 14. g3 Nd6 15. Be2 Qd7 16. Kg2 b5 17. b3 a5 18. a4 b4 19. Nb5 Nxe4 20. Qd3 f5 21. Bxd4 cxd4 22. Rad1 Rac8 23. Qf3 Rxc2 24. Kh1 Rcc8 25. Bc4 Nd6 26. Qd3 e4 27. Qe2 d3 28. Qa2 Kh8 29. Rf4 Be5 30. Rh4 Qg7 31. Rd2 Nxb5 32. axb5 Bc3 33. Rd1 Qc7 34. Kg2 d2 35. Qa4 f4 36. b6 f3+ 37. Kh1 Qf7 0-1

[Event "Maastricht Limburg op-B 5th"]
[Site "Maastricht"]
[Date "2011.06.13"]
[Round "7"]
[White "Keetman, Dennis"]
[Black "Schubert, Karl"]
[Result "1/2-1/2"]
[WhiteElo "1880"]
[BlackElo "1838"]
[PlyCount "65"]
[EventDate "2011.06.10"]
[EventType "swiss"]
[EventRounds "7"]
[EventCountry "NED"]
[SourceTitle "EXT 2012"]
[Source "ChessBase"]
[SourceDate "2011.11.24"]
[SourceVersion "1"]
[SourceVersionDate "2011.11.24"]
[SourceQuality "1"]

1. e4 d6 2. d4 Nf6 3. Nc3 g6 4. Nf3 Bg7 5. Be2 0-0 6. 0-0 c6 7. Be3 Qc7 8. Qd2 Nbd7 9. Bh6 e5 10. dxe5 dxe5 11. Rad1 Re8 12. Bxg7 Kxg7 13. Bc4 h6 14. h3 b5 15. Bd3 a6 16. Ne2 c5 17. Ng3 c4 18. Be2 Bb7 19. Nh4 Rh8 20. f4 Nc5 21. fxe5 Qxe5 22. Qd6 Qxd6 23. Rxd6 Nfd7 24. Bf3 Rhe8 25. b4 cxb3 26. axb3 a5 27. Nhf5+ gxf5 28. Nxf5+ Kf8 29. Rxh6 Kg8 30. Nd6 Re6 31. Rxe6 fxe6 32. Nxb5 Ne5 33. Re1 1/2-1/2

[Event "Maastricht Limburg op-B 5th"]
[Site "Maastricht"]
[Date "2011.06.13"]
[Round "6"]
[White "Modder, Frank"]
[Black "Schubert, Karl"]
[Result "0-1"]
[WhiteElo "1901"]
[BlackElo "1838"]
[PlyCount "80"]
[EventDate "2011.06.10"]
[EventType "swiss"]
[EventRounds "7"]
[EventCountry "NED"]
[SourceTitle "EXT 2012"]
[Source "ChessBase"]
[SourceDate "2011.11.24"]
[SourceVersion "1"]
[SourceVersionDate "2011.11.24"]
[SourceQuality "1"]

1. d4 d6 2. Nf3 f5 3. Nc3 Nf6 4. Bg5 Nbd7 5. e3 g6 6. Bd3 Bg7 7. 0-0 0-0 8. e4 h6 9. Bd2 e6 10. exf5 gxf5 11. Re1 Nb6 12. Ne2 Ne4 13. Bc1 d5 14. Bf4 Nd7 15. Nd2 c6 16. f3 Ng5 17. c3 Qb6 18. Qb3 Qd8 19. Qc2 Nf6 20. Nc1 Nh5 21. Be3 Qc7 22. c4 Nf4 23. Bf1 Bd7 24. Nd3 Ng6 25. Rac1 Rac8 26. cxd5 exd5 27. Nc5 b6 28. Nd3 f4 29. Bf2 Bf5 30. Qb3 Qf7 31. Nb4 Bd7 32. Ba6 Rc7 33. h4 Nxh4 34. Bxh4 Bxd4+ 35. Bf2 Nh3+ 36. gxh3 Bxh3 37. Bf1 Qg6+ 38. Kh2 Bxf1 39. Nxf1 Rg7 40. Ng3 fxg3+ 0-1

[Event "Maastricht Limburg op-B 5th"]
[Site "Maastricht"]
[Date "2011.06.12"]
[Round "4"]
[White "Maurissen, Wim"]
[Black "Schubert, Karl"]
[Result "0-1"]
[WhiteElo "1906"]
[BlackElo "1838"]
[PlyCount "72"]
[EventDate "2011.06.10"]
[EventType "swiss"]
[EventRounds "7"]
[EventCountry "NED"]
[SourceTitle "EXT 2012"]
[Source "ChessBase"]
[SourceDate "2011.11.24"]
[SourceVersion "1"]
[SourceVersionDate "2011.11.24"]
[SourceQuality "1"]

1. d4 d6 2. Bg5 g6 3. c3 Bg7 4. Nf3 f5 5. Qb3 c6 6. h4 h6 7. Bf4 Nf6 8. Nbd2 Nd5 9. e3 Nd7 10. Bc4 N7b6 11. Bxd5 Nxd5 12. 0-0-0 Qb6 13. Qxb6 axb6 14. a3 Be6 15. Kc2 b5 16. Ne1 Nxf4 17. exf4 Kf7 18. Nd3 b6 19. Nb4 c5 20. d5 Bc8 21. Na2 Bb7 22. Nf1 Rhc8 23. Kb1 Ra4 24. g3 e5 25. dxe6+ Kxe6 26. Rg1 Be4+ 27. Ka1 b4 28. Nd2 bxc3 29. Nxc3 Bxc3 30. bxc3 Rxa3+ 31. Kb2 Rca8 32. Rge1 Ra2+ 33. Kb3 R8a3+ 34. Kc4 b5+ 35. Kxb5 Rb2+ 36. Kc4 Ra4# 0-1

[Event "Maastricht Limburg op-B 5th"]
[Site "Maastricht"]
[Date "2011.06.11"]
[Round "2"]
[White "Jansen, Michiel"]
[Black "Schubert, Karl"]
[Result "1-0"]
[WhiteElo "1849"]
[BlackElo "1838"]
[PlyCount "131"]
[EventDate "2011.06.10"]
[EventType "swiss"]
[EventRounds "7"]
[EventCountry "NED"]
[SourceTitle "EXT 2012"]
[Source "ChessBase"]
[SourceDate "2011.11.24"]
[SourceVersion "1"]
[SourceVersionDate "2011.11.24"]
[SourceQuality "1"]

1. e4 d6 2. d4 Nf6 3. Nc3 g6 4. f4 Bg7 5. Nf3 0-0 6. Be2 c5 7. Be3 cxd4 8. Nxd4 Nc6 9. Nb3 a5 10. Bf3 Be6 11. 0-0 a4 12. Nd4 Bc4 13. Re1 a3 14. b3 Be6 15. Ncb5 Bd7 16. c4 Ne8 17. Nc3 e5 18. Nxc6 bxc6 19. fxe5 Bxe5 20. Bd4 Qf6 21. Bxe5 Qxe5 22. Qd2 Be6 23. Rad1 f6 24. Ne2 Kf7 25. Qb4 Ra7 26. Qb6 Rc7 27. Nd4 Bd7 28. Nc2 Qb2 29. Nb4 Qe5 30. Na6 Rc8 31. Qb7 Rd8 32. Nb8 Rxb8 33. Qxb8 h5 34. Qb7 Ke7 35. Qb4 Nc7 36. Qd2 Rh8 37. Qd4 Ne6 38. Qxe5 fxe5 39. b4 Rb8 40. Rb1 Nd4 41. Bd1 Be6 42. Re3 Bxc4 43. Rxa3 Rf8 44. Ra7+ Kf6 45. Bb3 Bd3 46. Re1 Rb8 47. Rd7 Rxb4 48. Rxd6+ Kg5 49. Bf7 Kh6 50. Rxg6+ Kh7 51. Rg5 c5 52. Rxe5 c4 53. Rc5 Ra4 54. e5 Ra7 55. Bxc4 Bxc4 56. Rxc4 Ne6 57. a4 Kg6 58. Rf1 Ng5 59. h4 Nf7 60. Re4 Re7 61. a5 Kg7 62. a6 Nd6 63. exd6 Rxe4 64. a7 Ra4 65. d7 Rxa7 66. d8Q 1-0